Foo Fighters - Your Favorite Toy - Statistics

General Stats
  • This quiz has been taken 7 times
  • The average score is 8 of 10
Answer Stats
Hint Answer % Correct
10 Asking For a Friend
100%
2 Of All People
100%
3 Window
100%
4 Your Favorite Toy
100%
9 Amen, Caveman
80%
1 Caught In the Echo
80%
6 Spit Shine
80%
8 Child Actor
60%
5 If You Only Knew
60%
7 Unconditional
60%
No matching quizzes found
Score Distribution
Percent of People with Each Score
Percentile by Number Answered
Your Score History
You have not taken this quiz